|
|
|
|
| LEADER |
01205nam a2200361 a 4500 |
| 001 |
000000820 |
| 003 |
SVKKK |
| 005 |
20070226132643.0 |
| 008 |
030616c1942 xo e sloo |
| FMT |
|
|
|
| 038 |
|
|
|a SVKKK
|
| 040 |
|
|
|a SVKKK
|b slo
|e AACR2
|
| 041 |
0 |
|
|a slo
|
| 044 |
|
|
|a xo
|
| 080 |
|
|
|a 553.
|2 1981
|
| 080 |
|
|
|a 553.7.031.1(Vysoké Tatry)
|2 1981
|
| 080 |
|
|
|a 553.7.031.2(Vyšné Ružbachy)
|2 1981
|
| 100 |
1 |
|
|a Komárek, Karol
|4 aut
|
| 245 |
1 |
0 |
|a Podtatranské minerálne vody.
|n II,
|p Minerálne pramene pri Výbornej, Toporci, Vyšných Ružbachoch, Forbasoch a Starom Smokovci /
|c Komárek Karol
|
| 246 |
3 |
0 |
|a Minerálne pramene pri Výbornej, Toporci, Vyšných Ružbachoch, Forbasoch a Starom Smokovci
|
| 260 |
|
|
|a Bratislava :
|b Štátny geologický ústav,
|c 1942
|
| 300 |
|
|
|a 26(5) s. :
|b Obr. príl.
|
| 650 |
0 |
4 |
|a vody minerálne
|z Výborná (PP)
|z Toporec (PP)
|z Vyšné Ružbachy (SL)
|z Forbasy (SL)
|z Starý Smokovec (PP)
|x charakteristika
|x monografie
|
| 957 |
|
|
|a Forbasy
|
| 957 |
|
|
|a Starý Smokovec
|
| 957 |
|
|
|a Toporec
|
| 957 |
|
|
|a Vyšné Ružbachy
|
| 957 |
|
|
|a Výborná
|
| 974 |
|
|
|d 960403
|a Čr
|
| 992 |
|
|
|a APH
|
| BAS |
|
|
|
| 852 |
|
|
|a SVKKK
|b BIB
|
| 998 |
|
|
|a GEO
|